|
|
|
|
| LEADER |
00000naa2a2200000 4500 |
| 001 |
183315 |
| 005 |
20251205143347.0 |
| 035 |
|
|
|a (RuTPU)RU\TPU\book\198726
|
| 090 |
|
|
|a 183315
|
| 100 |
|
|
|a 20100713d2004 k y0rusy50 ca
|
| 101 |
0 |
|
|a rus
|
| 102 |
|
|
|a RU
|
| 200 |
1 |
|
|a Разработка механоэлектрического метода оценки напряжённо-деформированного состояния в композиционных материалах
|f К. Ю. Осипов
|
| 320 |
|
|
|a Библиогр.: 2 назв.
|
| 461 |
|
1 |
|0 (RuTPU)RU\TPU\book\66154
|t Современные техника и технологии
|o X Юбилейная международная научно-практическая конференция студентов, аспирантов и молодых ученых, посвященная 400-летию г. Томска, Томск, 29 марта - 2 апреля 2004 г.
|o труды
|f Томский политехнический университет
|d 2004
|
| 463 |
|
0 |
|0 (RuTPU)RU\TPU\book\65883
|t Т. 2
|v С. 73-75
|d 2004
|
| 610 |
1 |
|
|a композиционные материалы
|
| 610 |
1 |
|
|a оценка
|
| 610 |
1 |
|
|a конструкционные материалы
|
| 610 |
1 |
|
|a диэлектрические материалы
|
| 610 |
1 |
|
|a механоэлектрические преобразования
|
| 610 |
1 |
|
|a напряженно-деформированные состояния
|
| 610 |
1 |
|
|a труды учёных ТПУ
|
| 700 |
|
1 |
|a Осипов
|b К. Ю.
|c специалист в области электротехники
|c старший научный сотрудник Томского политехнического университета, кандидат технических наук
|f 1979-
|g Константин Юрьевич
|3 (RuTPU)RU\TPU\pers\28192
|
| 801 |
|
1 |
|a RU
|b 63413507
|c 20100713
|
| 801 |
|
2 |
|a RU
|b 63413507
|c 20140324
|g RCR
|
| 942 |
|
|
|c BK
|